[Event "Moscow op-B"]
[Site "Moscow"]
[Date "2009.11.20"]
[Round "1"]
[White "Andronov, Ilya"]
[Black "Korovin, Alexander"]
[Result "0-1"]
[WhiteElo "2091"]
[BlackElo "1400"]
[PlyCount "54"]
[EventDate "2009.01.31"]
[EventType "swiss"]
[EventRounds "9"]
[EventCountry "RUS"]
[SourceTitle "EXT 2012"]
[Source "ChessBase"]
[SourceDate "2011.11.24"]
[SourceVersion "1"]
[SourceVersionDate "2011.11.24"]
[SourceQuality "1"]

1. e4 c5 2. Nf3 e6 3. d4 cxd4 4. Nxd4 a6 5. Bd3 Nc6 6. Nxc6 bxc6 7. 0-0 d5 8. c4 Nf6 9. e5 Nd7 10. f4 Bc5+ 11. Kh1 g6 12. Nd2 0-0 13. Nf3 a5 14. g4 dxc4 15. Be4 Ba7 16. Bxc6 Rb8 17. f5 Qc7 18. Bxd7 Qxd7 19. Qe1 exf5 20. Bh6 fxg4 21. Rd1 Qf5 22. Nd4 Bb7+ 23. Kg1 Qd7 24. Be3 Qd5 25. Nf3 Qxd1 26. Bxa7 Bxf3 27. Qxd1 Bxd1 0-1

[Event "Moscow op-B"]
[Site "Moscow"]
[Date "2009.02.05"]
[Round "6"]
[White "Korovin, Alexander"]
[Black "Pogosian, Georgy"]
[Result "0-1"]
[WhiteElo "1400"]
[BlackElo "2219"]
[PlyCount "80"]
[EventDate "2009.01.31"]
[EventType "swiss"]
[EventRounds "9"]
[EventCountry "RUS"]
[SourceTitle "EXT 2012"]
[Source "ChessBase"]
[SourceDate "2011.11.24"]
[SourceVersion "1"]
[SourceVersionDate "2011.11.24"]
[SourceQuality "1"]

1. g4 d5 2. Bg2 Nc6 3. h3 e6 4. d4 g6 5. Bf4 Bg7 6. c3 Nf6 7. Nd2 0-0 8. Ngf3 b6 9. 0-0 Bb7 10. Qc2 Ne7 11. Rad1 Nc8 12. Bg5 Nd6 13. Bh4 c5 14. e3 Qc8 15. Ne5 Nfe4 16. f3 Nxd2 17. Qxd2 f6 18. Nd3 Bh6 19. Qf2 Rf7 20. Rfe1 c4 21. Nc1 f5 22. g5 Bf8 23. Bg3 b5 24. Be5 a5 25. Qg3 Rd7 26. Ne2 Nf7 27. e4 Nxe5 28. dxe5 dxe4 29. Rxd7 Qxd7 30. fxe4 Bc5+ 31. Kh2 Bxe4 32. Bxe4 fxe4 33. Nf4 Rf8 34. Rxe4 Qd2+ 35. Qg2 Qc1 36. Qg4 Rf5 37. h4 Be3 38. Ne2 Qd2 39. Kh3 Qd3 40. Ng3 Bf2 0-1